<?xml version="1.0" encoding="UTF-8"?>
<marc:record xmlns:marc="http://www.loc.gov/MARC21/slim">
   <marc:leader>00000nam a2200000 a 4500</marc:leader>
   <marc:datafield ind1="1" ind2=" " tag="100">
      <marc:subfield code="a">Schmidt, Esther</marc:subfield>
      <marc:subfield code="4">aut</marc:subfield>
      <marc:subfield code="e">Verfasser/-in</marc:subfield>
   </marc:datafield>
   <marc:datafield ind1=" " ind2=" " tag="653">
      <marc:subfield code="a">Meerschweinchenhaltung</marc:subfield>
   </marc:datafield>
   <marc:datafield ind1=" " ind2=" " tag="653">
      <marc:subfield code="a">Softcover / Ratgeber/Natur/Hobbytierhaltung</marc:subfield>
   </marc:datafield>
   <marc:datafield ind1=" " ind2=" " tag="653">
      <marc:subfield code="a">Ratgeber</marc:subfield>
   </marc:datafield>
   <marc:datafield ind1="0" ind2="0" tag="245">
      <marc:subfield code="a">Meerschweinchen im Außengehege</marc:subfield>
   </marc:datafield>
   <marc:datafield ind1="0" ind2="0" tag="245">
      <marc:subfield code="c">Schmidt, Esther</marc:subfield>
   </marc:datafield>
   <marc:datafield ind1=" " ind2="1" tag="264">
      <marc:subfield code="a">München</marc:subfield>
      <marc:subfield code="b">Gräfe und Unzer</marc:subfield>
      <marc:subfield code="c">2010</marc:subfield>
   </marc:datafield>
   <marc:datafield ind1="1" ind2=" " tag="520">
      <marc:subfield code="a">Angaben aus der Verlagsmeldung

Meerschweinchen im Außengehege / von Esther Schmidt

Wenn Sie Ihren Meerschweinchen frische Luft um die Nasen wehen lassen, werden Sie aus dem Staunen nicht mehr herauskommen! Die Haltung im Außengehege kommt den natürlichen Lebensbedingungen der Meerschweinchen so nahe, dass sie sich fast wie ihre wild lebenden Verwandten verhalten und regelrecht aufblühen. Nur keine Sorge, der Bezug zu Ihnen, zum Halter, geht dabei nicht verloren. In diesem Tierratgeber zeigt Ihnen die praxiserprobte Autorin nicht nur zahlreiche, ansprechende Beispiele selbst gebauter, artgerechter Gehege, sondern erklärt Schritt für Schritt die Voraussetzungen für eine Außenhaltung. Sie erfahren welche Rassen sich besonders eignen, wie Sie die Tiere ans Leben im Freien gewöhnen und für ein harmonisches Gruppenleben sorgen. Esther Schmidt vermittelt zudem alles Wichtige über eine gesunde Ernährung, sorgfältige Pflege und Gesundheitsvorsorge der Tiere. Darüber hinaus erhalten Sie viele wertvolle Tipps, wie Sie Ihre Meerschweinchen abwechslungsreich beschäftigen können.
</marc:subfield>
   </marc:datafield>
   <marc:datafield ind1=" " ind2=" " tag="020">
      <marc:subfield code="a">9783833817144</marc:subfield>
      <marc:subfield code="9">9783833817144</marc:subfield>
   </marc:datafield>
   <marc:datafield ind1=" " ind2=" " tag="041">
      <marc:subfield code="a">ger</marc:subfield>
   </marc:datafield>
   <marc:datafield ind1=" " ind2=" " tag="300">
      <marc:subfield code="a">64 S.</marc:subfield>
   </marc:datafield>
</marc:record>
